000 00792nam0a22002651 4500
001 rc\4271219
005 20130416121024.7
021 _aRU
_b[68-112440]
035 _a(NLR Aleph) 008488788
090 _a8036682
_c8036682
100 _a20130416d1968 |||y0rusy50 ca
101 0 _arus
102 _aRU
105 _ay z |||||
200 1 _aПоиски и находки
210 _aМинск
_cБеларусь
_d1968
215 _a27 с.
_d16
225 1 _aО тебе и для тебя, агитатор
606 _aПартийная учеба на себе
_yМинская область
_2psbo
700 1 _aБорушко
_bВ. Ф.
_gВиктор Фомич
801 0 _aRU
_bNLR
_gpsbo
801 1 _aRU
_bELAR
_2rusmarc
852 _aNLR
_j69-2/296
942 _cBOOK
980 _aNB